Conditions of Stable Ignition of Coal-Water Slurry Containing Petrochemicals Based on Carbon Residue of Tire Pyrolysis; Chemical and Petroleum Engineering; Vol. 53, iss. 1-2
| Parent link: | Chemical and Petroleum Engineering: Scientific Journal Vol. 53, iss. 1-2.— 2017.— [P. 71–77] |
|---|---|
| Corporate Author: | |
| Other Authors: | , , , |
| Summary: | Title screen The results of experimental investigations of ignition of single droplets (radius of 0.5–1.5 mm) of coal-water slurry containing petrochemicals (CWSP) in a stream of air (oxidizer) with a temperature of 600–1200 K and velocity of 0.5–5 m/sec are presented. Carbon residue (particle sizes of 80–100 µm) from pyrolysis of used automobile tires, water, and exhausted engine, turbine and transformer oils were used as the main fuel components. The times of ignition delay and complete combustion of CWSP droplets were determined atvarying concentrations of the components in the ranges corresponding to modern combustion and burner devices. The conditions at which stable combustion of CWSP is initiated were determined. Режим доступа: по договору с организацией-держателем ресурса |
| Language: | English |
| Published: |
2017
|
| Subjects: | |
| Online Access: | http://dx.doi.org/10.1007/s10556-017-0297-7 |
| Format: | Electronic Book Chapter |
| KOHA link: | https://koha.lib.tpu.ru/cgi-bin/koha/opac-detail.pl?biblionumber=655178 |
MARC
| LEADER | 00000naa0a2200000 4500 | ||
|---|---|---|---|
| 001 | 655178 | ||
| 005 | 20250317142747.0 | ||
| 035 | |a (RuTPU)RU\TPU\network\21022 | ||
| 035 | |a RU\TPU\network\14590 | ||
| 090 | |a 655178 | ||
| 100 | |a 20170714d2017 k||y0rusy50 ba | ||
| 101 | 0 | |a eng | |
| 102 | |a US | ||
| 135 | |a drcn ---uucaa | ||
| 181 | 0 | |a i | |
| 182 | 0 | |a b | |
| 200 | 1 | |a Conditions of Stable Ignition of Coal-Water Slurry Containing Petrochemicals Based on Carbon Residue of Tire Pyrolysis |f K. Yu. Vershinina, D. O. Glushkov, P. A. Strizhak, D. P. Shabardin | |
| 203 | |a Text |c electronic | ||
| 300 | |a Title screen | ||
| 320 | |a [References: p. 76-77 (12 tit.)] | ||
| 330 | |a The results of experimental investigations of ignition of single droplets (radius of 0.5–1.5 mm) of coal-water slurry containing petrochemicals (CWSP) in a stream of air (oxidizer) with a temperature of 600–1200 K and velocity of 0.5–5 m/sec are presented. Carbon residue (particle sizes of 80–100 µm) from pyrolysis of used automobile tires, water, and exhausted engine, turbine and transformer oils were used as the main fuel components. The times of ignition delay and complete combustion of CWSP droplets were determined atvarying concentrations of the components in the ranges corresponding to modern combustion and burner devices. The conditions at which stable combustion of CWSP is initiated were determined. | ||
| 333 | |a Режим доступа: по договору с организацией-держателем ресурса | ||
| 461 | |t Chemical and Petroleum Engineering |o Scientific Journal | ||
| 463 | |t Vol. 53, iss. 1-2 |v [P. 71–77] |d 2017 | ||
| 610 | 1 | |a электронный ресурс | |
| 610 | 1 | |a труды учёных ТПУ | |
| 610 | 1 | |a угольные суспензии | |
| 610 | 1 | |a воспламенение | |
| 610 | 1 | |a нефтехимические продукты | |
| 610 | 1 | |a пиролиз | |
| 701 | 1 | |a Vershinina |b K. Yu. |c specialist in the field of heat and power engineering |c Associate Professor of Tomsk Polytechnic University, Candidate of Physical and Mathematical Sciences |f 1992- |g Kseniya Yurievna |3 (RuTPU)RU\TPU\pers\33706 |9 17337 | |
| 701 | 1 | |a Glushkov |b D. O. |c specialist in the field of power engineering |c Professor, Director of the ISHFVP of the Tomsk Polytechnic University, Doctor of Technical Sciences |f 1988- |g Dmitry Olegovich |3 (RuTPU)RU\TPU\pers\32471 |9 16419 | |
| 701 | 1 | |a Strizhak |b P. A. |c Specialist in the field of heat power energy |c Doctor of Physical and Mathematical Sciences (DSc), Professor of Tomsk Polytechnic University (TPU) |f 1985- |g Pavel Alexandrovich |3 (RuTPU)RU\TPU\pers\30871 |9 15117 | |
| 701 | 1 | |a Shabardin |b D. P. |g Dmitry Pavlovich | |
| 712 | 0 | 2 | |a Национальный исследовательский Томский политехнический университет (ТПУ) |b Энергетический институт (ЭНИН) |b Кафедра автоматизации теплоэнергетических процессов (АТП) |3 (RuTPU)RU\TPU\col\18678 |
| 801 | 2 | |a RU |b 63413507 |c 20200720 |g RCR | |
| 856 | 4 | |u http://dx.doi.org/10.1007/s10556-017-0297-7 | |
| 942 | |c CF | ||